FATIQUE OF ENGINEERING PLASTICS (Record no. 579956)
[ view plain ]
| 000 -LEADER | |
|---|---|
| fixed length control field | 00306nam a22001217a 4500 |
| 082 ## - DEWEY DECIMAL CLASSIFICATION NUMBER | |
| Classification number | 668.4 HER'F |
| 100 ## - MAIN ENTRY--PERSONAL NAME | |
| Personal name | MANSON, JOHN A,HERTZBERY, RICHARD W |
| 9 (RLIN) | 74422 |
| 245 ## - TITLE STATEMENT | |
| Title | FATIQUE OF ENGINEERING PLASTICS |
| 260 ## - PUBLICATION, DISTRIBUTION, ETC. | |
| Place of publication, distribution, etc. | NEWYORK |
| Name of publisher, distributor, etc. | AP |
| Date of publication, distribution, etc. | 1980 |
| 300 ## - PHYSICAL DESCRIPTION | |
| Extent | 295P |
| 650 ## - SUBJECT ADDED ENTRY--TOPICAL TERM | |
| Topical term or geographic name entry element | PLASTICS FATIQUE |
| 9 (RLIN) | 74423 |
| 942 ## - ADDED ENTRY ELEMENTS (KOHA) | |
| Koha item type | Book |
| Withdrawn status | Lost status | Damaged status | Not for loan | Permanent Location | Current Location | Shelving location | Date acquired | Total Checkouts | Full call number | Barcode | Date last seen | Price effective from | Koha item type |
|---|---|---|---|---|---|---|---|---|---|---|---|---|---|
| College of Electrical & Mechanical Engineering (CEME) | College of Electrical & Mechanical Engineering (CEME) | General Stacks | 05/08/2017 | 668.4 HER'F | CEME-15155 | 06/28/2021 | 06/28/2021 | Book |
